| 000 | 00722nam a2200229Ia 4500 | ||
|---|---|---|---|
| 003 | OSt | ||
| 005 | 20250131100734.0 | ||
| 008 | 210716s1962 xx 000 0 und d | ||
| 040 | _cAIMIT LIBRARY | ||
| 041 | _aeng | ||
| 082 |
_a808.83 _21 _bWOLJ |
||
| 100 |
_aGoethe, Johann Wolfgang Von. _9196520 |
||
| 245 |
_aSorrows of young werther and selected writings / _cBy Johann Wolfgang Von Goethe. |
||
| 250 | _a1st ed. | ||
| 260 |
_aNew York : _bSignet Books ; _c1962. |
||
| 300 |
_a255p. ; _bPB _c17 cm. |
||
| 650 |
_aReflections on werther _9196521 |
||
| 650 |
_aGoethe in sesenheim _9196522 |
||
| 700 |
_aHutter, Catherine. _9196523 |
||
| 700 |
_aWeigand, Hermann J. _9196524 |
||
| 942 |
_2ddc _cBK _e1st ed. _k808.83 WOLJ |
||
| 999 |
_c200032 _d200032 |
||